00578nam a2200205Ia 4500003000400000005001700004008004100021020001900062040000700081041000800088082001300096100002300109245003400132260001700166300000900183650002000192942001300212999001900225952012800244OSt20251018104342.0250729s2003 xx 000 0 und d a978-1841196404 cAL aeng a900 LEWH aLewisJon E9223249 aHow it happened ancient egypt aLondonc2003 a519p aHistory9223250 2ddccBED c235813d235813 00104070aALbALd2025-07-29eBook Exhibitiong195.00l0o900 LEWHpBED01132r2025-07-29 16:54:19v195.00w2025-07-29yBK